International law Doctrine, Practice, and Theory /

Detalles Bibliográficos
Autor principal: Forcese, Craig
Otros Autores: Currie, John H., Oosterveld, Valerie, Harrington, Joanna
Formato: eBook
Lenguaje:inglés
Publicado: Toronto: Irwin Law Inc., 2014
Edición:Segunda Edicin̤
Materias:
Acceso en línea:Acceso restringido

MARC

LEADER 00000nam a22000007a 4500
005 20210811121655.0
007 cr|||| ||||
008 210811s2014 ca |||||s|||| 00||0 eng d
020 |a 978-1-55221-358-2 
035 |a 34942 
040 |a vLex 
090 |c 11974  |d 11974 
100 1 |a Forcese, Craig 
245 1 0 |a International law  |h [Recurso electrn̤ico] :  |b Doctrine, Practice, and Theory /  |c Craig Forcese, John H. Currie, Valerie Oosterveld, Joanna Harrington 
250 |a Segunda Edicin̤ 
256 |a Servicio en ln̕ea 
260 |a Toronto:  |b Irwin Law Inc.,  |c 2014 
300 |a 1 recurso electrn̤ico 
506 1 |a Disponible solo en los productos indicados  |d vLex Global  |d vLex Global (Academic Edition, excluding Law Schools)  |d vLex Global (U.S. Academic Edition, Law Schools)  |d vLex Global (U.S. Academic Edition, excluding Law Schools)  |d vLex Global (Academic Edition, Law Schools) 
650 0 4 |a Derecho Internacional  |z Canad̀ 
700 1 |a Currie, John H. 
700 1 |a Oosterveld, Valerie 
700 1 |a Harrington, Joanna 
740 0 |a vLex Libros (Servicio en ln̕ea) 
856 1 0 |u https://app.vlex.com/#/sources/34942  |z Acceso restringido 
942 |c BOOK 
999 0 |a International right